000 01554nam a2200229Ia 4500
003 Ost
005 20260507075026.0
008 260507s9999||||xx |||||||||||||| ||und||
040 _cfsecg
041 _aara
082 _a330
100 _aجي، أبي سعيد الديوه
_eمؤلف
245 0 _aالتسويق الدولي /
_c أبي سعيد الديوه جي
260 _aعمان:
_bدار الحامد للنشر والتوزيع,
_c2000
300 _a391 صفحة؛
_bإيضاحات ؛
_c24 سم
520 _aمفهوم التسويق الدولي وأهميته- الظروف والمتغيرات الإقتصادية- المؤثرات الإجتماعية والثقافية (التمدن)- العوامل والمتغيرات السياسية والقانونية- الفرص التسويقية الدولية- أشكال الدخول الى الأسواق الخارجية- الترويج والإعلان الدولي- التسعير على نطاق دولي- التوزيع والتوزيع المادي دوليا- استراتيجية المنتجات على نطاق دولي- التسويق الدولي في الدول النامية- التكتلات الإقتصادية في الأسواق العالمية- الإعتبارات الأخلاقية والإجتماعية في التسويق الدولي
653 _aالتجارة الخارجية
653 _aالتسويق
653 _aالتسويق الدولي
700 _aالعجارمة، تيسير محمد
_eمؤلف ثانوي
942 _cكتاب
999 _c42338
_d42338